|
|
|
|
| LEADER |
00000nam a2200000Mi 4500 |
| 005 |
20120228143222.0 |
| 007 |
cr|||| |||| |
| 008 |
081125s2008 sp 000 0 spa c |
| 020 |
|
|
|a 9788498492934
|
| 035 |
|
|
|a 2744
|
| 040 |
|
|
|d vLex
|
| 090 |
|
|
|c 3044
|d 3044
|
| 245 |
1 |
3 |
|a La financiacin̤ en la reforma del Estatuto de autonoma̕ de Extremadura y en otros modelos autonm̤icos e internacionales
|h [Recurso electrn̤ico] /
|c editor Cristina Ela̕s Mňdez ; Clemente Checa Gonzl̀ez... [et al.]
|
| 256 |
|
|
|a Servicio en ln̕ea
|
| 260 |
|
|
|a Madrid :
|b Dykinson,
|c 2008
|
| 300 |
|
|
|a 1 recurso electrn̤ico
|
| 500 |
|
|
|a En el marco del trepidante proceso de reformas estatutarias acometido recientemente en Espaą por ya seis Comunidades Autn̤omas, anunciadas asimismo las reformas de numerosos Estatutos, la financiacin̤ de las Comunidades Autn̤omas aparece como tema clave y fundamental de la construccin̤ de un Estado autonm̤ico eficaz y solidario. Se trata de un tema complejo, tal vez interesadamente complejo, y que desata la polm̌ica polt̕ica impidiendo en ocasiones el necesario examen sosegado de datos, normas y propuestas. El modelo de financiacin̤ est ̀pendiente de una solucin̤ definitiva que requiere el esfuerzo y la voluntad de todos para llegar a un sistema de reparto equilibrado y justo.
|
| 504 |
|
|
|a Referencias bibliogrf̀icas
|
| 506 |
1 |
|
|a Contenido solo disponible en los productos indicados
|d vLex Global
|d vLex Global (Academic Edition, excluding Law Schools)
|d vLex Global (U.S. Academic Edition, Law Schools)
|d vLex Global (U.S. Academic Edition, excluding Law Schools)
|
| 650 |
|
4 |
|a Estatuto de Autonoma̕
|z Extremadura
|
| 650 |
|
4 |
|a Estatutos de Autonoma̕
|
| 650 |
|
4 |
|a Finanzas econm̤icas
|x Derecho y legislacin̤
|
| 650 |
|
4 |
|a Finanzas autonm̤icas
|x Derecho y legislacin̤
|z Espaą
|
| 700 |
1 |
|
|a Ela̕s Mňdez, Cristina,
|e ed.
|
| 700 |
1 |
|
|a Checa Gonzl̀ez, Clemente
|
| 740 |
0 |
|
|a vLex Libros (Servicio en ln̕ea)
|
| 856 |
4 |
0 |
|u http://vlex.com/source/financiacion-reforma-estatuto-autonomia-extremadura-2744
|z Acceso restringido
|
| 942 |
|
|
|c BOOK
|